Language Ideologies and Minority Language Education: Lessons from Brittany for Kashubia

Titel: Language Ideologies and Minority Language Education: Lessons from Brittany for Kashubia / Nicole Dołowy-Rybińska, Michael Hornsby
Verfasser: ;
In: European review, Band 26, Heft 1 (2018), Seite 192-206
alle Artikel anzeigen
Veröffentlicht: 2018
Format: Aufsatz
Sprache: Englisch
Schlagworte:
Kein Bild verfügbar
X
alg: 50728861
001A    $03025:26-04-23 
001B    $01999:26-04-23 $t22:30:26.000 
001D    $03025:26-04-23 
001U    $0utf8 
001X    $00 
002@    $0Oou 
002C    $aText $btxt $2rdacontent 
002D    $aComputermedien $bc $2rdamedia 
002E    $aOnline-Ressource $bcr $2rdacarrier 
003@    $0507288610 
007A    $0507288610 $aHEB 
009Q    $uhttps://doi.org/10.1017/S1062798717000369 $xH 
010@    $aeng 
010E    $erda 
011@    $a2018 
021A    $aLanguage Ideologies and Minority Language Education: Lessons from Brittany for Kashubia $hNicole Dołowy-Rybińska, Michael Hornsby 
028A    $BVerfasser $#Dołowy-Rybinska, Nicole $#Rybińska, Nicole Dołowy- $4aut $71123077754 $8Dołowy-Rybińska, Nicole$Z1980- [Tp3] $939789001X 
028C    $BVerfasser $4aut $71042725268 $8Hornsby, Michael$Z1965- [Tp3] $9332353281 
031A    $d26 $e1 $h192-206 $j2018 
039B    $aEnthalten in $8--Obvc--. European review. - Cambridge : Cambridge Univ. Press, 1993-. - Online-Ressource. - ISSN 1474-0575 $x201800000260001808 $9098734202 
044K    $RPommerellen $#Kaszuby $#Kaschubei $#Pommerellen, Nord $#Nordpommerellen $74284575-0 $8Kaschubien [Tg1] $9086537350 
044K    $RElb- und Ostseeslawisch $#Kassubisch $#Pomeranisch $#Pomoranisch $74120216-8 $8Kaschubisch [Ts1] $9085382647 
044K    $RMinderheit $RMinderheitensprache $#Linguistic minorities $#Minorités linguistiques $#Minorías lingüísticas $#Sprachminderheit $74131504-2 $8Sprachliche Minderheit [Ts1] $9085469246 
044K    $#Bretagne $#Herzogtum Bretagne $#Bretonische Mark $#Armorica $#Britannia minor $#Brittany $#Province de Bretagne $74008220-9 $8Bretagne [Tg1] $9085014214 
044K    $RBritannisch $#Breton language $#Breton (langue) $#Lingua bretone $#Lengua bretona $74120162-0 $8Bretonisch [Ts1] $9085382183 
045F    $a417.70943820904 $eDDC23BSB 
045F/01 $a417.7 
045F/03 $f0904 
045F/03 $f0905 
045F/03 $f09034 
045F/03 $g4382 
045F/03 $g438 
045F/03 $g44 
045R    $aGeschichte 1880-2015 

lok: 50728861 78

exp: 50728861 78 1 #EPN
201B/01 $026-04-23 $t12:23:49.000 
201C/01 $026-04-23 
201U/01 $0utf8 
203@/01 $01233102613 
208@/01 $a26-04-23 $be 
209A/01 $a/ $f000 $x00 
209A/01 $ab*p $x01 
220C/01 $apgar 
244Z/01 $#Generalgouvernement Polen $#Polska $#Rzeczpospolita Polska $#Polska Rzeczpospolita Ludowa $#Poland $#Pologne $#République Polonaise $#Generalne Gubernatorstwo w Polsce $#Polish People's Republic $#Polska Rzeczpospolita Polen $#PRL $#RP $#Polen Generalgouvernement $#Polska Generalgouvernement $#Besetzte Polnische Gebiete $#Besetztes Gebiet in Polen $#Okupowane Polskie Obszary $#Obszary Okupowane w Polsce $#Volksrepublik Polen $#Polska Rosyjska $#Republic Polen $#Respublika Pol'ša $#Pol'skaja Narodnaja Respublika $#République de Pologne $#Polen Links der Weichsel $#Polska po Lewej Stronie Wisły $#Lenkija $#Polija $#Gubernija Carstva Pol'skago $#Republik Polen $74046496-9 $8--Tg1--Polen $x01 $9085129801 
244Z/01 $#Preußen $#Preußen $#Brandenburg-Preußen $#Königreich Preußen $#Preußische Staaten $#Preußischer Staat $#Der @Preußische Staat $#Königlich Preußische Staaten $#Prusy Królewskie $#Königlich Preußen $#Prussia $74047194-9 $8--Tg1--Preußen $x06 $9085131652 
247C/01 $82080>Marburg/Lahn, Herder-Institut, Forschungsbibliothek, Bibliographieportal $9336309341
LEADER 00000caa a2200000 c 4500
001 507288610
003 DE-603
005 20230426223026.0
007 cr||||||||||||
008 230426s2018 xx |||| o| u00||u|eng c
035 |a (DE-599)HEB507288610 
040 |a DE-603  |b ger  |c DE-603  |d DE-603  |e rda 
041 |a eng 
082 0 4 |8 1\u  |a 417.70943820904  |q DE-101  |2 23/BSB 
085 |8 1\u  |b 417.7 
085 |8 1\u  |z 1  |s 0904 
085 |8 1\u  |z 1  |s 0905 
085 |8 1\u  |z 1  |s 09034 
085 |8 1\u  |z 2  |s 4382 
085 |8 1\u  |z 2  |s 438 
085 |8 1\u  |z 2  |s 44 
100 1 |a Dołowy-Rybińska, Nicole  |d 1980-  |e Verfasser  |4 aut  |0 (DE-603)39789001X  |0 (DE-588)1123077754  |2 gnd 
245 0 0 |a Language Ideologies and Minority Language Education: Lessons from Brittany for Kashubia  |c Nicole Dołowy-Rybińska, Michael Hornsby 
264 0 |c 2018 
336 |a Text  |b txt  |2 rdacontent 
337 |a Computermedien  |b c  |2 rdamedia 
338 |a Online-Ressource  |b cr  |2 rdacarrier 
648 7 |a Geschichte 1880-2015  |2 gnd 
650 7 |a Kaschubisch  |0 (DE-588)4120216-8  |0 (DE-603)085382647  |2 gnd 
650 7 |a Sprachliche Minderheit  |0 (DE-588)4131504-2  |0 (DE-603)085469246  |2 gnd 
650 7 |a Bretonisch  |0 (DE-588)4120162-0  |0 (DE-603)085382183  |2 gnd 
651 7 |a Kaschubien  |0 (DE-588)4284575-0  |0 (DE-603)086537350  |2 gnd 
651 7 |a Bretagne  |0 (DE-588)4008220-9  |0 (DE-603)085014214  |2 gnd 
700 1 |a Hornsby, Michael  |d 1965-  |e Verfasser  |4 aut  |0 (DE-603)332353281  |0 (DE-588)1042725268  |2 gnd 
773 0 8 |i Enthalten in  |t European review  |d Cambridge : Cambridge Univ. Press, 1993-  |h Online-Ressource  |x 1474-0575  |g Band 26, Heft 1 (2018), Seite 192-206  |w (DE-603)098734202  |w (DE-600)2048671-6 
856 |u https://doi.org/10.1017/S1062798717000369  |x Verlag 
924 1 |9 2080  |a (DE-603)1233102613  |b DE-2080  |c HES  |d d  |g /